000 00896nas a2200301 4500
001 BR9901854
003 BR-BrBNA
005 20231205101342.0
007 ta
008 230509b bl.|||p| |||| 00| 00por d
040 _aBR-BrBNA
_bpor
_cBiblioteca Nacional de Agricultura
041 _a(Pt)
072 _aL51
100 1 _aSoares, R. da T.R.N.
100 1 _aAlbino, L.F.T.
100 1 _aRostagno, H.S.
100 1 _aGomes, P.C.
245 1 _aExigencia de treonina para frangos de corte no periodo de 22 a 42 dias de idade
650 _aFrango de Corte
650 _aRacao
650 _aAminoacido
650 _aExigencia Nutricional
650 _aRendimento
650 _aMinas Gerais
773 0 _tRevista Brasileira de Zootecnia (Brazil)
_xISSN 1516-3598
_g(Jan-Feb 1999), v. 28(1) p. 127-131
_wBR9901854
909 _a202311
_bLúcia
_c55
_dLúcia Elande
942 _2AGRIS
_n0
_cANA
999 _c161311
_d161311